great & famous filipinos (Record no. 9416)

MARC details
000 -LEADER
fixed length control field 00504nam a22001697a 4500
003 - CONTROL NUMBER IDENTIFIER
control field OSt
005 - DATE AND TIME OF LATEST TRANSACTION
control field 20260414092858.0
008 - FIXED-LENGTH DATA ELEMENTS--GENERAL INFORMATION
fixed length control field 260414b |||||||| |||| 00| 0 eng d
040 ## - CATALOGING SOURCE
Original cataloging agency DWCL GS lib
Transcribing agency OC
082 ## - DEWEY DECIMAL CLASSIFICATION NUMBER
Classification number Res. 920 K583g 2001
100 ## - MAIN ENTRY--PERSONAL NAME
Personal name King, Jenny
245 ## - TITLE STATEMENT
Title great & famous filipinos
Statement of responsibility, etc. Jenny King
260 ## - PUBLICATION, DISTRIBUTION, ETC.
Place of publication, distribution, etc. Philippines
Name of publisher, distributor, etc. Wordlink Books
Date of publication, distribution, etc. c2001
300 ## - PHYSICAL DESCRIPTION
Extent 103
Dimensions 21cm
700 ## - ADDED ENTRY--PERSONAL NAME
Personal name Jenny king
942 ## - ADDED ENTRY ELEMENTS (KOHA)
Source of classification or shelving scheme Dewey Decimal Classification
Koha item type CD/DVD
Classification part Res. 920 K583g 2001
Suppress in OPAC No

No items available.